[Event "Djerba Masters"]
[Site "Djerba"]
[Date "2024.02.20"]
[Round "3"]
[White "Divya, Deshmukh"]
[Black "Moussard, Jules"]
[Result "1/2-1/2"]
[WhiteElo "2427"]
[BlackElo "2630"]
[PlyCount "71"]
[EventDate "2024.02.18"]
[EventType "tourn"]
[EventRounds "7"]
[EventCountry "TUN"]
[EventCategory "14"]
[SourceTitle "CB09_2024"]
[SourceDate "2024.02.28"]
[SourceVersion "1"]
[SourceVersionDate "2024.02.28"]
[SourceQuality "1"]

1. e4 c6 2. Nf3 d5 3. d3 dxe4 4. dxe4 Qxd1+ 5. Kxd1 Nf6 6. Nbd2 Nbd7 7. Ne1 h5 8. Nd3 g5 9. b3 Bg7 10. Bb2 Nf8 11. h4 g4 12. f4 gxf3 13. gxf3 Bh6 14. Nc4 Rg8 15. Ke2 Be6 16. Kf2 Bxc4 17. bxc4 Ne6 18. Bh3 Nf4 19. Nxf4 Bxf4 20. Rad1 Bc7 21. e5 Nh7 22. Bd7+ Kf8 23. Bf5 Rg7 24. c5 e6 25. Be4 Ke7 26. Rhg1 Rxg1 27. Rxg1 Nf8 28. Rg5 Nd7 29. Bd4 Rh8 30. f4 Kf8 31. Rg1 Bd8 32. Rb1 Be7 33. Rxb7 Nxc5 34. Bxc5 Bxc5+ 35. Kf3 Rg8 36. Rb8+ 1/2-1/2

[Event "Djerba Masters"]
[Site "Djerba"]
[Date "2024.02.19"]
[Round "2"]
[White "Tari, Aryan"]
[Black "Divya, Deshmukh"]
[Result "1-0"]
[WhiteElo "2635"]
[BlackElo "2427"]
[PlyCount "73"]
[EventDate "2024.02.18"]
[EventType "tourn"]
[EventRounds "7"]
[EventCountry "TUN"]
[EventCategory "14"]
[SourceTitle "CB09_2024"]
[SourceDate "2024.02.28"]
[SourceVersion "1"]
[SourceVersionDate "2024.02.28"]
[SourceQuality "1"]

1. c4 c5 2. g3 g6 3. Bg2 Bg7 4. Nc3 Nf6 5. a3 Nc6 6. Rb1 0-0 7. b4 d6 8. d3 a6 9. bxc5 dxc5 10. Bd2 Qc7 11. Nh3 h6 12. Nf4 e6 13. h4 Rb8 14. e3 Ne7 15. a4 Bd7 16. e4 e5 17. Nfe2 Qd6 18. Qb3 Nc6 19. Nd5 Nxd5 20. cxd5 Ne7 21. a5 f5 22. Be3 Bb5 23. Qa3 Rbc8 24. Rc1 f4 25. Bxc5 Rxc5 26. Qxc5 Qxc5 27. Rxc5 f3 28. Bh3 fxe2 29. Kxe2 Rb8 30. Be6+ Kh8 31. Rc7 Bf8 32. Bd7 Nxd5 33. exd5 Bd6 34. Rhc1 Bc6 35. Rc8+ Rxc8 36. Bxc8 Bxd5 37. Rb1 1-0

[Event "Swiss Queens Wed #2"]
[Site "FIDE Online Arena INT"]
[Date "2024.02.07"]
[Round "4"]
[White "Shuvalova, Polina"]
[Black "Divya, Deshmukh"]
[Result "1-0"]
[WhiteElo "2455"]
[BlackElo "2427"]
[PlyCount "133"]
[EventDate "2024.02.07"]
[EventType "swiss (blitz)"]
[EventRounds "11"]
[EventCountry "NET"]
[SourceTitle "CB07_2024"]
[SourceDate "2024.02.14"]
[SourceVersion "1"]
[SourceVersionDate "2024.02.14"]
[SourceQuality "1"]

1. e4 c5 2. Nf3 Nc6 3. Bb5 e6 4. 0-0 Nge7 5. Re1 a6 6. Bf1 d5 7. exd5 Nxd5 8. d4 Nf6 9. Be3 Be7 10. c4 0-0 11. Nc3 b6 12. dxc5 bxc5 13. Qxd8 Rxd8 14. Na4 Nd7 15. Red1 Rb8 16. b3 Kf8 17. Rd2 Ke8 18. Rad1 Bb7 19. Ng5 Nd4 20. Bd3 Ne5 21. Kf1 h6 22. Nh3 g5 23. Bb1 Bc6 24. Nc3 Nf5 25. Bxf5 exf5 26. f3 g4 27. fxg4 Nxg4 28. Bg1 Bf6 29. Nd5 Be5 30. g3 Rd7 31. Nhf4 Rbd8 32. Ke2 Bxf4 33. gxf4 Bxd5 34. cxd5 Nf6 35. Bxc5 Rxd5 36. Rxd5 Rxd5 37. Rc1 Ne4 38. Be3 Kd7 39. Rg1 Rd6 40. Rg7 Ke6 41. Rh7 Kd7 42. Rxf7+ Ke6 43. Rh7 Kd5 44. Rc7 Rg6 45. Kd3 Kd6 46. Ra7 Rg2 47. Rxa6+ Kd5 48. Ra5+ Kd6 49. Rxf5 Nf2+ 50. Bxf2 Rxf2 51. Rf6+ Ke7 52. Rxh6 Rxa2 53. f5 Rf2 54. f6+ Kf7 55. Kc4 Rf5 56. b4 Rf4+ 57. Kc5 Rf5+ 58. Kc6 Rf1 59. b5 Rc1+ 60. Kb7 Rb1 61. b6 Rb2 62. Kc7 Rc2+ 63. Kb8 Rb2 64. b7 Rb1 65. h4 Rb4 66. Rh7+ Kxf6 67. Kc8 1-0

[Event "Tata Steel-B 86th"]
[Site "Wijk aan Zee"]
[Date "2024.01.19"]
[Round "6"]
[White "Salem, AR Saleh"]
[Black "Divya, Deshmukh"]
[Result "1-0"]
[WhiteElo "2630"]
[BlackElo "2420"]
[PlyCount "105"]
[EventDate "2024.01.13"]
[EventType "tourn"]
[EventRounds "13"]
[EventCountry "NED"]
[EventCategory "13"]
[SourceTitle "CB05_2024"]
[SourceDate "2024.01.31"]
[SourceVersion "1"]
[SourceVersionDate "2024.01.31"]
[SourceQuality "1"]

1. Nf3 d5 2. g3 g6 3. Bg2 Bg7 4. d4 c6 5. 0-0 Nf6 6. b3 0-0 7. Bb2 Bf5 8. c4 Nbd7 9. e3 Qa5 10. Qe2 Rac8 11. Rc1 Ne4 12. Nc3 Nxc3 13. Bxc3 Qa6 14. Bf1 dxc4 15. Qxc4 Qb6 16. Nh4 Be6 17. Qa4 Qc7 18. b4 Bd5 19. Qc2 f5 20. Bg2 e5 21. Bxd5+ cxd5 22. Qb3 Nb6 23. dxe5 Bxe5 24. Bxe5 Qxe5 25. Nf3 Qe4 26. Nd2 Qe6 27. Rd1 Rc7 28. Rac1 Rfc8 29. Rxc7 Rxc7 30. Qd3 Qe5 31. Qb5 Qe6 32. Nb3 Qc6 33. Qc5 Kf7 34. Qd4 Qf6 35. Qf4 Rc4 36. Qb8 Rxb4 37. Qxa7 Qe7 38. Qa5 Qd6 39. Nc5 Rc4 40. Nd3 Qc7 41. Rb1 Rc6 42. a4 Nd7 43. Qxd5+ Kg7 44. Nf4 Kh6 45. Ne6 Qc8 46. e4 Rxe6 47. Qxe6 Qc2 48. Qb3 Qxe4 49. Qb4 Qxb4 50. Rxb4 b6 51. Rc4 Nf6 52. f3 Nd5 53. Rd4 1-0

[Event "Wch Blitz (Women)"]
[Site "Samarkand"]
[Date "2023.12.30"]
[Round "11"]
[White "Goryachkina, Aleksandra"]
[Black "Divya, Deshmukh"]
[Result "1-0"]
[WhiteElo "2553"]
[BlackElo "2420"]
[PlyCount "67"]
[EventDate "2023.12.29"]
[EventType "swiss (blitz)"]
[EventRounds "17"]
[EventCountry "UZB"]
[SourceTitle "CB01_2024"]
[SourceDate "2024.01.03"]
[SourceVersion "1"]
[SourceVersionDate "2024.01.03"]
[SourceQuality "1"]

1. e4 c5 2. Nf3 Nc6 3. Bb5 e6 4. Bxc6 bxc6 5. d3 Qc7 6. Qe2 d6 7. e5 d5 8. Nbd2 Ne7 9. Nf1 Nf5 10. Ng3 Nd4 11. Nxd4 cxd4 12. 0-0 g6 13. Bg5 Bg7 14. f4 h6 15. Bf6 Bxf6 16. exf6 h5 17. h4 Bd7 18. b4 0-0-0 19. Qf2 e5 20. fxe5 Qxe5 21. Rae1 Qd6 22. Ne2 Qxb4 23. Nxd4 Qd6 24. Nb3 d4 25. Nxd4 Bg4 26. Nb3 Rd7 27. Nc5 Rc7 28. Ne4 Qd5 29. Ng5 Rd8 30. Re7 Qxa2 31. Rfe1 Rdd7 32. Nxf7 Rxe7 33. fxe7 Bd7 34. Nd6+ 1-0

[Event "Wch Blitz (Women)"]
[Site "Samarkand"]
[Date "2023.12.29"]
[Round "5"]
[White "Divya, Deshmukh"]
[Black "Nurgali, Nazerke"]
[Result "1-0"]
[WhiteElo "2420"]
[BlackElo "2250"]
[PlyCount "49"]
[EventDate "2023.12.29"]
[EventType "swiss (blitz)"]
[EventRounds "17"]
[EventCountry "UZB"]
[SourceTitle "CB01_2024"]
[SourceDate "2024.01.03"]
[SourceVersion "1"]
[SourceVersionDate "2024.01.03"]
[SourceQuality "1"]

1. e4 c5 2. Nf3 e6 3. d4 cxd4 4. Nxd4 Nf6 5. Bd3 Nc6 6. Be3 d5 7. Nxc6 bxc6 8. Nd2 e5 9. 0-0 Be7 10. c3 0-0 11. h3 h6 12. Qc2 Be6 13. f4 exf4 14. Bxf4 Bc5+ 15. Kh1 Nh5 16. Bh2 d4 17. Nb3 Bxb3 18. axb3 dxc3 19. bxc3 Qe7 20. Bc4 Bd6 21. e5 Bc7 22. Qf5 Qg5 23. Bxf7+ Rxf7 24. Qxf7+ Kh8 25. Qxc7 1-0

[Event "Wch Rapid (Women)"]
[Site "Samarkand"]
[Date "2023.12.26"]
[Round "1"]
[White "Divya, Deshmukh"]
[Black "Kamalidenova, Meruert"]
[Result "0-1"]
[WhiteElo "2420"]
[BlackElo "2383"]
[PlyCount "162"]
[EventDate "2023.12.26"]
[EventType "swiss (rapid)"]
[EventRounds "11"]
[EventCountry "UZB"]
[SourceTitle "CB01_2024"]
[SourceDate "2024.01.03"]
[SourceVersion "1"]
[SourceVersionDate "2024.01.03"]
[SourceQuality "1"]

1. e4 c5 2. Nf3 d6 3. Bb5+ Bd7 4. Bxd7+ Nxd7 5. 0-0 Ngf6 6. Qe2 e6 7. c3 Be7 8. d4 0-0 9. e5 Ne8 10. Rd1 cxd4 11. cxd4 Rc8 12. Nc3 d5 13. g3 a6 14. h4 Nc7 15. Bf4 b5 16. Qd3 f6 17. exf6 Nxf6 18. a3 Bd6 19. Bxd6 Qxd6 20. Ne5 Na8 21. Re1 Nb6 22. Re2 Rce8 23. Rae1 Nc4 24. a4 Qb6 25. axb5 axb5 26. Nxc4 bxc4 27. Qd1 Qd6 28. Kg2 Nd7 29. Re3 Rf7 30. b3 cxb3 31. Qxb3 Nf8 32. Na4 Rb8 33. Qd1 Rb4 34. Nc5 Rf6 35. Qd2 Rb6 36. Ra1 Qb8 37. Ra2 Rb1 38. Qe2 Rb6 39. Qd2 h6 40. Rea3 Qd6 41. Ra8 Rf7 42. Qe3 Kh7 43. Re8 Rf6 44. Qd3+ Kg8 45. Qe2 Rb8 46. Ra6 Qc7 47. Rxb8 Qxb8 48. Qa2 Qb4 49. Ra4 Qe1 50. Ra8 Qd1 51. Nd7 Qf3+ 52. Kg1 Rf5 53. Qc2 Qg4 54. Qd2 Qe4 55. Qb4 Qf3 56. Qd2 Kh7 57. Ne5 Qe4 58. Ra1 Rf6 59. Re1 Qf5 60. Re3 Ng6 61. Nd7 Rf7 62. Nc5 Nf8 63. Qe1 Rf6 64. Kg2 Qg4 65. Qb1+ Kg8 66. Qb2 Ng6 67. Kf1 Qh3+ 68. Ke1 Qg2 69. Nd3 Ne7 70. Nf4 Qg1+ 71. Ke2 Nf5 72. Rxe6 Nxg3+ 73. Kf3 Ne4 74. Rxf6 Nxf6 75. Qb8+ Kh7 76. Qe5 Qd1+ 77. Ne2 Qh1+ 78. Kg3 Ne4+ 79. Kg4 Nxf2+ 80. Kf5 Qh3+ 81. Kf4 Nd3# 0-1

[Event "FIDE Grand Swiss (Women)"]
[Site "Douglas"]
[Date "2023.10.29"]
[Round "5"]
[White "Divya, Deshmukh"]
[Black "Harika, Dronavalli"]
[Result "0-1"]
[WhiteElo "2408"]
[BlackElo "2502"]
[PlyCount "124"]
[EventDate "2023.10.25"]
[EventType "swiss"]
[EventRounds "11"]
[EventCountry "IOM"]
[SourceTitle "Mega2024 Update 01"]
[Source "Chessbase"]
[SourceDate "2023.11.12"]
[SourceVersion "1"]
[SourceVersionDate "2023.11.12"]
[SourceQuality "1"]

1. e4 e5 2. Nf3 Nc6 3. Bb5 Nf6 4. 0-0 Nxe4 5. Re1 Nd6 6. Nxe5 Be7 7. Bf1 Nxe5 8. Rxe5 0-0 9. d4 Bf6 10. Re1 Nf5 11. c3 d5 12. Bf4 c6 13. Nd2 Nh4 14. Bd3 Bf5 15. Bxf5 Nxf5 16. Qg4 Nh4 17. Nb3 Ng6 18. Bg3 Be7 19. Qf5 Bd6 20. Nc5 Bxc5 21. dxc5 Re8 22. Bd6 Qc8 23. Qg5 h6 24. Qh5 Qd7 25. Kf1 Re4 26. Rxe4 dxe4 27. Qh3 f5 28. f3 e3 29. Qg3 Qe6 30. Qe1 Re8 31. Qe2 f4 32. b3 Qf6 33. Rc1 Kh8 34. g3 h5 35. Rd1 Qxc3 36. gxf4 Qf6 37. Be5 Qf5 38. Qxe3 Nxe5 39. fxe5 Rxe5 40. Rd8+ Kh7 41. Qd3 Rxc5 42. Qxf5+ Rxf5 43. Kf2 Rd5 44. Rb8 Rd2+ 45. Kg3 Rd7 46. a4 Kg6 47. b4 a6 48. b5 cxb5 49. axb5 axb5 50. Rc8 Rd6 51. Kf4 b4 52. Rc2 b3 53. Rb2 Rb6 54. Ke5 Rb4 55. f4 Kf7 56. Kf5 g6+ 57. Ke5 h4 58. f5 gxf5 59. Kxf5 Ke7 60. Ke5 Kd7 61. Kd5 b6 62. h3 Kc7 0-1

[Event "FIDE Grand Swiss (Women)"]
[Site "Douglas"]
[Date "2023.10.27"]
[Round "3"]
[White "Goryachkina, Aleksandra"]
[Black "Divya, Deshmukh"]
[Result "1-0"]
[WhiteElo "2558"]
[BlackElo "2408"]
[PlyCount "73"]
[EventDate "2023.10.25"]
[EventType "swiss"]
[EventRounds "11"]
[EventCountry "IOM"]
[SourceTitle "Mega2024 Update 01"]
[Source "Chessbase"]
[SourceDate "2023.11.12"]
[SourceVersion "1"]
[SourceVersionDate "2023.11.12"]
[SourceQuality "1"]

1. d4 Nf6 2. c4 e6 3. Nf3 d5 4. Nc3 Be7 5. Bf4 0-0 6. e3 c5 7. dxc5 Bxc5 8. Qc2 Nc6 9. Rd1 Qa5 10. a3 Rd8 11. Nd2 d4 12. Nb3 Qb6 13. Na4 Bb4+ 14. axb4 Qxb4+ 15. Nd2 Qa5 16. Qb3 e5 17. Bg5 Nb4 18. Bxf6 gxf6 19. Be2 Bd7 20. Ra1 dxe3 21. fxe3 b5 22. 0-0 bxa4 23. Qc3 f5 24. Nf3 f6 25. Nh4 Qc5 26. Nxf5 Bc6 27. Qe1 Kh8 28. Qh4 Qf8 29. Ng3 Qe7 30. Rxf6 Nc2 31. Nf5 Qb7 32. Rf1 Rg8 33. Rxc6 Qxc6 34. Bf3 Qb6 35. c5 Qd8 36. Qe4 Qc7 37. Qxc2 1-0

[Event "Qatar Masters op"]
[Site "Doha"]
[Date "2023.10.12"]
[Round "2"]
[White "Divya, Deshmukh"]
[Black "Paravyan, David"]
[Result "0-1"]
[WhiteElo "2408"]
[BlackElo "2599"]
[PlyCount "96"]
[EventDate "2023.10.11"]
[EventType "swiss"]
[EventRounds "9"]
[EventCountry "QAT"]
[SourceTitle "Mega2024 Update 01"]
[Source "Chessbase"]
[SourceDate "2023.11.12"]
[SourceVersion "1"]
[SourceVersionDate "2023.11.12"]
[SourceQuality "1"]

1. e4 e5 2. Nf3 Nf6 3. d4 Nxe4 4. Bd3 d5 5. Nxe5 Nd7 6. Nxd7 Bxd7 7. 0-0 Bd6 8. Nc3 Nxc3 9. bxc3 0-0 10. Qh5 f5 11. Re1 h6 12. Qf3 c6 13. Bf4 Qc7 14. g3 Rae8 15. Bxd6 Qxd6 16. Qf4 Qxf4 17. gxf4 Rxe1+ 18. Rxe1 b5 19. a4 bxa4 20. Rb1 Ra8 21. c4 dxc4 22. Bxc4+ Kf8 23. Ba6 Ke7 24. Rb4 a3 25. Ra4 c5 26. Rxa3 cxd4 27. Bb7 Re8 28. Rxa7 Kd6 29. Bf3 g5 30. Ra6+ Kc5 31. Ra5+ Bb5 32. h3 Kb4 33. Ra7 gxf4 34. Rb7 Re5 35. Bc6 Kc4 36. Rb6 Bxc6 37. Rxc6+ Rc5 38. Rxh6 Kc3 39. Rd6 Rc4 40. h4 Kxc2 41. h5 d3 42. h6 d2 43. h7 Rc8 44. h8Q Rxh8 45. Rc6+ Kd3 46. Rd6+ Ke2 47. Re6+ Kd1 48. Kg2 Rd8 0-1

[Event "POL-chT Ekstraliga"]
[Site "Lublin"]
[Date "2023.09.22"]
[Round "5.3"]
[White "Javakhishvili, Lela"]
[Black "Divya, Deshmukh"]
[Result "1/2-1/2"]
[WhiteElo "2446"]
[BlackElo "2385"]
[PlyCount "38"]
[EventDate "2023.09.18"]
[EventType "team-tourn"]
[EventRounds "9"]
[EventCountry "POL"]
[SourceTitle "EXT 2024"]
[Source "ChessBase"]
[SourceDate "2023.10.10"]
[SourceVersion "1"]
[SourceVersionDate "2023.10.10"]
[SourceQuality "1"]
[WhiteTeam "Pegow Wieza"]
[BlackTeam "Krakow Dwie Wieze"]
[WhiteTeamCountry "POL"]
[BlackTeamCountry "POL"]

1. Nf3 d5 2. e3 Nf6 3. c4 e6 4. Nc3 Be7 5. b3 0-0 6. Bb2 c5 7. cxd5 exd5 8. d4 Nc6 9. Be2 Ne4 10. 0-0 Bf6 11. Na4 Bg4 12. Rc1 cxd4 13. Nxd4 Bxe2 14. Nxe2 Bxb2 15. Nxb2 Qf6 16. Na4 Rfd8 17. f3 Ng5 18. Nc5 Qe7 19. Qd2 Ne6 1/2-1/2

[Event "WchT (Women) Pool-A"]
[Site "Bydgoszcz"]
[Date "2023.09.06"]
[Round "1.1"]
[White "Savina, Anastasia"]
[Black "Divya, Deshmukh"]
[Result "0-1"]
[WhiteElo "2339"]
[BlackElo "2385"]
[PlyCount "52"]
[EventDate "2023.09.06"]
[EventType "team (rapid)"]
[EventRounds "5"]
[EventCountry "POL"]
[SourceTitle "EXT 2024"]
[Source "ChessBase"]
[SourceDate "2023.10.10"]
[SourceVersion "1"]
[SourceVersionDate "2023.10.10"]
[SourceQuality "1"]
[WhiteTeam "France (W)"]
[BlackTeam "India (W)"]
[WhiteTeamCountry "FRA"]
[BlackTeamCountry "IND"]

1. d4 Nf6 2. c4 e6 3. Nc3 d5 4. Bg5 Be7 5. e3 h6 6. Bxf6 Bxf6 7. Nf3 0-0 8. Rc1 c6 9. h4 g6 10. Bd3 Bg7 11. 0-0 Nd7 12. cxd5 exd5 13. b4 Nf6 14. b5 cxb5 15. Bxb5 Bg4 16. Be2 Ne4 17. Qd3 Re8 18. g3 Rc8 19. Nb1 Qd6 20. Kg2 Bh3+ 21. Kxh3 Rxc1 22. Kg2 Rec8 23. Qb5 Rxf1 24. Bxf1 Rc2 25. Be2 Qb6 26. Na3 Qxb5 0-1

[Event "Tata Steel India blitz (Women)"]
[Site "Kolkata"]
[Date "2023.09.04"]
[Round "11"]
[White "Ju, Wenjun"]
[Black "Divya, Deshmukh"]
[Result "1/2-1/2"]
[WhiteElo "2568"]
[BlackElo "2372"]
[PlyCount "140"]
[EventDate "2023.09.03"]
[EventType "tourn (blitz)"]
[EventRounds "18"]
[EventCountry "IND"]
[EventCategory "9"]
[SourceTitle "EXT 2024"]
[Source "ChessBase"]
[SourceDate "2023.10.10"]
[SourceVersion "1"]
[SourceVersionDate "2023.10.10"]
[SourceQuality "1"]

1. d4 d5 2. c4 e6 3. Nf3 Nf6 4. Nc3 Be7 5. Bf4 0-0 6. e3 c5 7. dxc5 Bxc5 8. a3 Nc6 9. Qc2 Qa5 10. Rd1 h6 11. Be2 Ne4 12. cxd5 exd5 13. 0-0 Nxc3 14. bxc3 Be6 15. Rb1 Qd8 16. Rxb7 Bb6 17. Nd4 Na5 18. Nxe6 fxe6 19. Ba6 Qe8 20. Bd6 Rf6 21. Re7 Qd8 22. Bb4 Nc6 23. Rb7 e5 24. Rd1 d4 25. cxd4 exd4 26. h3 Qe8 27. exd4 Bxd4 28. Bb5 Bxf2+ 29. Kh1 Rc8 30. Bxc6 Rcxc6 31. Qb3+ Kh7 32. Re7 Qc8 33. Qd3+ Qf5 34. Qxf5+ Rxf5 35. g4 Rf3 36. Kg2 Rf4 37. Rd2 Bb6 38. Rde2 a5 39. Bd2 Rff6 40. Be3 Bxe3 41. R2xe3 Rc2+ 42. Kg3 Rfc6 43. Rd7 R2c3 44. Rdd3 Rxd3 45. Rxd3 Rc4 46. Rf3 a4 47. Re3 Kg6 48. Rf3 Rd4 49. Re3 Kf6 50. h4 g6 51. Rf3+ Ke5 52. Re3+ Re4 53. Rf3 h5 54. gxh5 gxh5 55. Rc3 Kd4 56. Rc8 Re3+ 57. Kf4 Rxa3 58. Kg5 Rg3+ 59. Kxh5 a3 60. Ra8 Kc4 61. Kh6 Kb3 62. h5 a2 63. Kh7 Rg5 64. h6 Rb5 65. Kg7 Rb7+ 66. Kg6 Rb6+ 67. Kg7 Rb7+ 68. Kg6 Rb4 69. h7 Rh4 70. Kg7 Rxh7+ 1/2-1/2